000 00669cam a22002293a 4500
001 25642
003 PGUSA
005 20140828083542.0
008 080529s2008||||xxu|||||s|||||000 | eng d
040 _aPGUSA
_beng
042 _adc
050 4 _aDE
100 1 _aMorris, Charles,
_d1833-1922
245 1 0 _aHistoric Tales :
_bThe Romance of Reality. Vol. 10 (of 15), Greek
_h[electronic resource] /
_cCharles Morris
260 _bProject Gutenberg,
_c2008
506 _aPublic domain in the USA.
516 _aElectronic text
653 _aGreece -- History
830 0 _aProject Gutenberg
_v25642
856 4 0 _uhttp://www.gutenberg.org/ebooks/25642
942 _cEB
999 _c254897
_d254897